[Event "FRA-chT U20 0506"]
[Site "France"]
[Date "2005.11.13"]
[Round "3.6"]
[White "Antonucci, Nicolas"]
[Black "Vigneron, Quentin"]
[Result "1-0"]
[WhiteElo "1510"]
[BlackElo "1430"]
[PlyCount "71"]
[EventDate "2005.11.12"]
[EventType "team"]
[EventRounds "3"]
[EventCountry "FRA"]
[SourceTitle "CBM 109 Extra"]
[Source "ChessBase"]
[SourceDate "2006.01.03"]
[SourceVersion "2"]
[SourceVersionDate "2006.01.03"]
[SourceQuality "1"]

1. c4 e5 2. g3 Nf6 3. Bg2 g6 4. Nf3 Bg7 5. 0-0 d6 6. Nc3 0-0 7. d3 Be6 8. Ng5 c6 9. Qb3 Qc7 10. Bd2 Nbd7 11. f4 Nc5 12. Qa3 h6 13. Nxe6 Nxe6 14. fxe5 dxe5 15. b4 a6 16. Qb2 b5 17. cxb5 axb5 18. e3 Nd7 19. Rac1 Qb6 20. Ne2 e4 21. Qb3 exd3 22. Rxc6 Qd8 23. Qxd3 Rxa2 24. Rd6 Ra7 25. Bc6 Be5 26. Rxd7 Rxd7 27. Qxd7 Qxd7 28. Bxd7 Rd8 29. Bxe6 Rxd2 30. Bxf7+ Kg7 31. Nc1 Bf6 32. Be8 Be7 33. Bxb5 Bxb4 34. Ba4 Bc5 35. Re1 Rc2 36. Bxc2 1-0

[Event "FRA-chT U20a 0405"]
[Site "France"]
[Date "2005.05.14"]
[Round "9.8"]
[White "Haffoud, Paolo"]
[Black "Antonucci, Nicolas"]
[Result "1-0"]
[WhiteElo "1270"]
[BlackElo "1510"]
[PlyCount "80"]
[EventDate "2004.11.19"]
[EventType "team"]
[EventRounds "11"]
[EventCountry "FRA"]
[SourceTitle "EXT 2006"]
[Source "ChessBase"]
[SourceDate "2005.11.24"]
[SourceVersion "1"]
[SourceVersionDate "2005.11.24"]
[SourceQuality "1"]

1. d4 d5 2. Nf3 Nf6 3. Bf4 Bf5 4. e3 a6 5. Nc3 e6 6. Be2 Bd6 7. Bxd6 Qxd6 8. 0-0 Nbd7 9. Qd2 0-0 10. Rfe1 c5 11. Bd3 Ne4 12. Bxe4 dxe4 13. Ng5 Ne5 14. Ngxe4 Bxe4 15. Nxe4 Qd5 16. Rad1 Nc4 17. Nc3 Nxd2 18. Nxd5 exd5 19. Rxd2 cxd4 20. Rxd4 Rfd8 21. Red1 h6 22. Rxd5 Rxd5 23. Rxd5 Rc8 24. Rd2 b5 25. Kf1 Kh7 26. Ke2 f6 27. f4 Rc5 28. g4 b4 29. h4 a5 30. h5 f5 31. Kf3 fxg4+ 32. Kxg4 g5 33. hxg6+ Kxg6 34. Rd6+ Kg7 35. Rd2 Kg6 36. e4 Kf7 37. f5 a4 38. Kh5 Kg7 39. Rd7+ Kf8 40. Rd2 Ke8 1-0